| 000 | 00465nam a2200181Ia 4500 | ||
|---|---|---|---|
| 008 | 090124s9999 xx 000 0 und d | ||
| 082 | _b14358 | ||
| 100 | _aPANDIT VIJAYA LAKSHMI | ||
| 245 | _aTHE SCOPE OF HAPPINESS | ||
| 250 | _a0 | ||
| 260 |
_bORIENT PAPERBACKS _c1981 |
||
| 300 | _a314 | ||
| 600 | _aPANDIT VIJAYA LAKSHMI | ||
| 630 | _aTHE SCOPE OF HAPPINESS | ||
| 700 | _aPANDIT VIJAYA LAKSHMI | ||
| 730 | _aTHE SCOPE OF HAPPINESS | ||
| 942 | _cBOOK | ||
| 999 |
_c107168 _d107168 |
||